000 00338nam a2200145 i 4500
001 bg
100 1 _aPŁOŃSKI, Władysław
245 0 _aBuduję ciepły dom /
_cW. Płoński.
250 _aWyd.2 uaktual.
260 _aWarszawa,
_c1991.
040 _cBPK
041 _apol
942 _cKS
008 s pl f |000 0 pol
999 _c29622
_d29622
856 _uhttp://koha.tu.koszalin.pl/cgi-bin/koha/opac-detail.pl?biblionumber=29622
_yKatalog online BPK